000
00281nam a2200109Ia 4500
008
200302s9999 xx 000 0 und d
100
_a
Author
245
_a
Quality Life top villa design
260
_b
Artpower International Publishing Co., Ltd.,
260
_c
2011
300
_a
351 P.,
999
_c
3954
_d
3954